INTRODUCTION TO PHARMACEUTICS -II 4TH, ED. (Record no. 8456)

MARC details
000 -LEADER
fixed length control field 00353nam a22001457a 4500
005 - DATE AND TIME OF LATEST TRANSACTION
control field 20231103144511.0
008 - FIXED-LENGTH DATA ELEMENTS--GENERAL INFORMATION
fixed length control field 231103b |||||||| |||| 00| 0 eng d
041 ## - LANGUAGE CODE
Language code of text/sound track or separate title eng
245 ## - TITLE STATEMENT
Title INTRODUCTION TO PHARMACEUTICS -II 4TH, ED.
250 ## - EDITION STATEMENT
Edition statement 4TH, ED. 2000
260 ## - PUBLICATION, DISTRIBUTION, ETC. (IMPRINT)
Place of publication NEW DELHI
Name of publisher C.B.S PVT.LTD
300 ## - PHYSICAL DESCRIPTION
Number of Pages 295;p
650 ## - SUBJECT ADDED ENTRY--TOPICAL TERM
Topical Term PHARMACY
942 ## - ADDED ENTRY ELEMENTS (KOHA)
Koha item type Books
Holdings
Lost status Damaged status Collection code Home library Current library Shelving location Date acquired Source of acquisition Cost, normal purchase price Full call number Accession Number Koha item type
    PHARMACY JRU Library JRU Library Shelf - 23- C 03/11/2023 PURCHASE [LBI000224/29-10-2023] 250.00 615.1 28092 Books
    PHARMACY JRU Library JRU Library Shelf - 23- C 03/11/2023 PURCHASE [LBI000224/29-10-2023] 350.00 615.1 28093 Books